[Event "C.to Mondiale U10"]
[Site "Durban RSA"]
[Date "2014.09.23"]
[Round "5"]
[White "Bin-Suhayl, Ieysaa"]
[Black "Abdusattorov, Nodirbek"]
[WhiteElo "1728"]
[BlackElo "2128"]
[Result "0-1"]
[PlyCount "110"]
[EventDate "2014.09.20"]

1. d4 Nf6 2. c4 g6 3. Nc3 d5 4. Nf3 Bg7 5. Bg5 Ne4 6. cxd5 Nxg5 7. Nxg5 e6 8.
Qd2 Bh6 9. f4 exd5 10. Qe3+ Kf8 11. Qe5 f6 12. Ne6+ Bxe6 13. Qxe6 c6 14. g3 f5
15. Bh3 Bg7 16. O-O-O Na6 17. Rhf1 Nc7 18. Qe3 h5 19. Bg2 Qe7 20. Qxe7+ Kxe7
21. h4 a5 22. e3 b5 23. b3 Ke6 24. Kc2 Bf8 25. Rf2 Bb4 26. Bf3 Bxc3 27. Kxc3
b4+ 28. Kb2 Nb5 29. Rff1 Nc3 30. Ra1 Kd6 31. a3 c5 32. Rfc1 Rhe8 33. dxc5+ Kxc5
34. axb4+ axb4 35. Rxa8 Rxa8 36. Ra1 Rxa1 37. Kxa1 d4 38. exd4+ Kxd4 39. Kb2
Ne4 40. Kc2 Nxg3 41. Kd2 Ne4+ 42. Ke2 Kc3 43. Ke3 Kxb3 44. Kd4 Kc2 45. Be2 b3
46. Bd3+ Kd2 47. Bb1 b2 48. Ke5 Nc3 49. Kf6 Nxb1 50. Kxg6 Nc3 51. Kxf5 b1=Q+
52. Kg5 Qd1 53. f5 Qg4+ 54. Kh6 Qxf5 55. Kg7 Nd5 0-1

[Event "C.to Mondiale U10"]
[Site "Durban RSA"]
[Date "2014.09.23"]
[Round "6"]
[White "Dardha, Daniel"]
[Black "Bin-Suhayl, Ieysaa"]
[WhiteElo "1626"]
[BlackElo "1728"]
[Result "0-1"]
[PlyCount "35"]
[EventDate "2014.09.20"]

1. e4 e6 2. Qe2 Be7 3. g3 d5 4. d3 c5 5. Bg2 Nc6 6. c3 Nf6 7. Nf3 O-O 8. O-O a6
9. Nbd2 b5 10. Rd1 Qc7 11. Nf1 Bb7 12. e5 Nd7 13. Bf4 c4 14. d4 Ncb8 15. h4 b4
16. N1h2 bxc3 17. bxc3 Bc8 18. Bh3 0-1

[Event "C.to Mondiale U10"]
[Site "Durban RSA"]
[Date "2014.09.25"]
[Round "7"]
[White "Bin-Suhayl, Ieysaa"]
[Black "Kacharava, Nikolozi"]
[WhiteElo "1728"]
[BlackElo "1758"]
[Result "0-1"]
[PlyCount "92"]
[EventDate "2014.09.20"]

1. d4 d5 2. c4 e6 3. Nc3 Nf6 4. cxd5 exd5 5. Bg5 Bb4 6. e3 h6 7. Bxf6 Qxf6 8.
Qb3 Bxc3+ 9. Qxc3 Nc6 10. Nf3 O-O 11. Be2 Bf5 12. O-O Be4 13. b4 Rfc8 14. Nd2
Qg6 15. Nxe4 dxe4 16. f3 Re8 17. Bc4 Nd8 18. Qb3 a5 19. a3 a4 20. Qa2 Qg5 21.
Qf2 exf3 22. Qxf3 Qxe3+ 23. Rf2 Qxf3 24. Rxf3 Re4 25. Raf1 Rxd4 26. Bxf7+ Nxf7
27. Rxf7 Rc4 28. R7f4 Rc3 29. R1f3 Rxf3 30. Rxf3 Rd8 31. Kf2 Rd2+ 32. Kg3 Rb2
33. Kf4 Rxg2 34. h4 Rb2 35. Rc3 c6 36. Ke5 Rb3 37. Kd4 Rxc3 38. Kxc3 g5 39.
hxg5 hxg5 40. Kd4 b6 41. Ke5 c5 42. bxc5 bxc5 43. Kd5 g4 44. Kxc5 g3 45. Kb4 g2
46. Kxa4 g1=Q 0-1

[Event "C.to Mondiale U10"]
[Site "Durban RSA"]
[Date "2014.09.26"]
[Round "8"]
[White "Al Darmaky, Sultan"]
[Black "Bin-Suhayl, Ieysaa"]
[WhiteElo "1263"]
[BlackElo "1728"]
[Result "1-0"]
[PlyCount "75"]
[EventDate "2014.09.20"]

1. d4 Nf6 2. c4 c5 3. d5 b5 4. cxb5 a6 5. bxa6 g6 6. Nc3 Bg7 7. e4 O-O 8. Nf3
Qa5 9. Bd2 d6 10. a4 Bxa6 11. Bxa6 Nxa6 12. O-O Rfb8 13. Nb5 Qb6 14. Qe2 Nd7
15. Qc4 Nc7 16. Rfb1 Nxb5 17. axb5 Rxa1 18. Rxa1 Qxb5 19. Qxb5 Rxb5 20. Ra7 Ne5
21. Ra8+ Bf8 22. Nxe5 Rxb2 23. g3 Rxd2 24. Nd7 c4 25. Rxf8+ Kg7 26. Rc8 Rd1+
27. Kg2 Rc1 28. Nb6 c3 29. Nc4 Kf6 30. Kf3 Rh1 31. Ne3 Rxh2 32. Ng4+ Kg5 33.
Nxh2 h5 34. Rxc3 e5 35. dxe6 Kf6 36. exf7 Kxf7 37. Kf4 Kf6 38. e5+ {...} 1-0

[Event "C.to Mondiale U10"]
[Site "Durban RSA"]
[Date "2014.09.27"]
[Round "9"]
[White "Alnyeyadi, Abdulla"]
[Black "Bin-Suhayl, Ieysaa"]
[WhiteElo "1466"]
[BlackElo "1728"]
[Result "0-1"]
[PlyCount "35"]
[EventDate "2014.09.20"]

1. d4 Nf6 2. c4 c5 3. d5 b5 4. cxb5 a6 5. f3 e6 6. dxe6 fxe6 7. e4 Be7 8. bxa6
O-O 9. Bc4 Nc6 10. Qa4 Nb4 11. a7 Qb6 12. Ne2 d5 13. a3 Rxa7 14. Qb3 dxc4 15.
Qxc4 Ba6 16. Qc3 Nd3+ 17. Kd2 Rd8 18. Kc2 0-1

[Event "C.to Mondiale U12"]
[Site "Durban RSA"]
[Date "2014.09.21"]
[Round "2"]
[White "Pitzanti, Matteo"]
[Black "Quirhuayo Chumbe, Gonzalo"]
[WhiteElo "1967"]
[BlackElo "2272"]
[Result "1/2-1/2"]
[PlyCount "103"]
[EventDate "2014.09.20"]

1. d4 Nf6 2. Nf3 e6 3. e3 b6 4. Bd3 Bb7 5. O-O d5 6. b3 Bd6 7. Bb2 Nbd7 8. Nbd2
O-O 9. Ne5 Ne4 10. f4 f6 11. Nxd7 Qxd7 12. c4 f5 13. Nf3 Rf6 14. Ne5 Bxe5 15.
dxe5 Rg6 16. Bxe4 fxe4 17. cxd5 Bxd5 18. f5 exf5 19. Rxf5 Rd8 20. Rf2 c6 21.
Bc3 Qe7 22. Qe2 h6 23. Rd1 Kh7 24. Rf4 Qg5 25. Qf2 Be6 26. Rxd8 Qxd8 27. Qd2
Bd5 28. Qf2 a5 29. Qh4 Qd7 30. Qf2 Qe7 31. h4 a4 32. bxa4 Qa3 33. Bd4 c5 34.
Bb2 Qxa4 35. a3 Qd1+ 36. Kh2 b5 37. Rf8 Be6 38. Rf4 Qd3 39. Rf8 Qd1 40. Rf4 h5
41. Rf8 c4 42. Rb8 Qb3 43. Qf8 Rxg2+ 44. Kxg2 Qxb2+ 45. Kg3 Qb1 46. Qh8+ Kg6
47. Qe8+ Bf7 48. Rb6+ Kh7 49. Qxf7 Qg1+ 50. Kh3 Qh1+ 51. Kg3 Qg1+ 52. Kh3
1/2-1/2

[Event "C.to Mondiale U12"]
[Site "Durban RSA"]
[Date "2014.09.21"]
[Round "3"]
[White "Esipenko, Andrey"]
[Black "Pitzanti, Matteo"]
[WhiteElo "2315"]
[BlackElo "1967"]
[Result "1-0"]
[PlyCount "63"]
[EventDate "2014.09.20"]

1. d4 d5 2. c4 dxc4 3. Nf3 Nf6 4. e3 e6 5. Bxc4 a6 6. O-O b5 7. Be2 Bb7 8. b3
Nbd7 9. Bb2 Be7 10. Nbd2 O-O 11. Ne5 Nxe5 12. dxe5 Nd5 13. a3 c5 14. Qc2 Qb6
15. Rfd1 Rac8 16. Kh1 Rfd8 17. Rac1 Bh4 18. Rf1 Qa7 19. Ne4 Be7 20. Rfd1 Qa8
21. Nd6 Bxd6 22. exd6 Rxd6 23. Be5 Rdd8 24. e4 Ne7 25. Rxd8+ Rxd8 26. Qxc5 Rc8
27. Bc7 Ng6 28. f3 e5 29. Bf1 h6 30. a4 bxa4 31. bxa4 Kh7 32. Bc4 1-0

[Event "C.to Mondiale U12"]
[Site "Durban RSA"]
[Date "2014.09.22"]
[Round "4"]
[White "Pitzanti, Matteo"]
[Black "Paul, Justin"]
[WhiteElo "1967"]
[BlackElo "1615"]
[Result "0-1"]
[PlyCount "108"]
[EventDate "2014.09.20"]

1. d4 d5 2. Nf3 Nf6 3. e3 g6 4. c4 c6 5. Nc3 Bg7 6. cxd5 cxd5 7. Be2 O-O 8. O-O
Nc6 9. a3 Bf5 10. Nh4 Bd7 11. f4 e6 12. Nf3 Rc8 13. Ne5 Ne8 14. Nd3 b6 15. Bd2
Nd6 16. Ne5 f6 17. Nxd7 Qxd7 18. Ba6 Rc7 19. Nb5 Nxb5 20. Bxb5 Rfc8 21. Rc1 Qd6
22. Ba6 Re8 23. Qa4 Rd8 24. Rc2 Ne7 25. Rxc7 Qxc7 26. Rc1 Qb8 27. Qc2 e5 28.
Qc7 Qxc7 29. Rxc7 Nf5 30. g4 Nd6 31. Rxa7 exd4 32. exd4 f5 33. Bc3 fxg4 34. Be2
h5 35. Ra6 Nf5 36. Rxb6 Nxd4 37. Bd1 Rf8 38. Rxg6 Rxf4 39. Kg2 Nf5 40. Bxg7
Nh4+ 41. Kg3 Nxg6 42. Bh6 Rf1 43. Bc2 Rf3+ 44. Kg2 Nh4+ 45. Kg1 Rh3 46. Bd1
Nf3+ 47. Bxf3 Rxf3 48. a4 Rb3 49. Bc1 Rb4 50. a5 Rb5 51. b4 Rxb4 52. Bg5 Ra4
53. Bd8 Ra2 54. Bb6 Kf7 0-1

[Event "C.to Mondiale U12"]
[Site "Durban RSA"]
[Date "2014.09.23"]
[Round "6"]
[White "Pitzanti, Matteo"]
[Black "O'Gorman, Tom"]
[WhiteElo "1967"]
[BlackElo "1666"]
[Result "1/2-1/2"]
[PlyCount "68"]
[EventDate "2014.09.20"]

1. d4 Nf6 2. Nf3 g6 3. Bf4 Bg7 4. e3 O-O 5. Be2 d6 6. h3 c5 7. O-O Nbd7 8. Nbd2
a6 9. a4 b6 10. c3 Bb7 11. Bh2 Ne4 12. Nxe4 Bxe4 13. Nd2 Bb7 14. b4 Nf6 15. Bf3
Bxf3 16. Qxf3 d5 17. Rac1 Rc8 18. Qe2 c4 19. e4 e6 20. e5 Nd7 21. f4 b5 22. a5
Nb8 23. g4 f5 24. gxf5 Rxf5 25. Qg4 Qd7 26. Nf3 Nc6 27. Rc2 Ne7 28. Ng5 Rcf8
29. Rg2 Bh6 30. h4 Bxg5 31. hxg5 R5f7 32. Rf3 Nf5 33. Rh3 Ng7 34. Rf2 Nh5
1/2-1/2

[Event "C.to Mondiale U12"]
[Site "Durban RSA"]
[Date "2014.09.26"]
[Round "8"]
[White "Pitzanti, Matteo"]
[Black "Gluckman, Paul"]
[WhiteElo "1967"]
[BlackElo "1702"]
[Result "1-0"]
[PlyCount "49"]
[EventDate "2014.09.20"]

1. e4 c5 2. Nf3 d6 3. Bb5+ Bd7 4. Bxd7+ Qxd7 5. O-O Nc6 6. c3 Nf6 7. Qe2 e6 8.
d4 d5 9. exd5 Qxd5 10. Be3 Ng4 11. c4 Qh5 12. d5 Nce5 13. Bf4 Ng6 14. Bg3 Be7
15. d6 Bf6 16. d7+ Ke7 17. Nc3 Bxc3 18. bxc3 Nf6 19. Rad1 Nxd7 20. Qb2 b6 21.
Qb5 Nde5 22. Nxe5 Nxe5 23. f4 Ng6 24. Qd7+ Kf6 25. f5 1-0

[Event "C.to Mondiale U12"]
[Site "Durban RSA"]
[Date "2014.09.27"]
[Round "9"]
[White "Nielsen, Andre"]
[Black "Pitzanti, Matteo"]
[WhiteElo "1836"]
[BlackElo "1967"]
[Result "1-0"]
[PlyCount "105"]
[EventDate "2014.09.20"]

1. e4 c6 2. Nc3 d5 3. d4 dxe4 4. Nxe4 Bf5 5. Ng3 Bg6 6. h4 h6 7. Nf3 Nd7 8. h5
Bh7 9. Bd3 Bxd3 10. Qxd3 e6 11. Bd2 Qc7 12. O-O-O O-O-O 13. Ne4 Ngf6 14. g3
Nxe4 15. Qxe4 Nf6 16. Qe2 Bd6 17. Ne5 c5 18. Nf3 c4 19. Ne5 Bxe5 20. dxe5 Nd5
21. Rh4 b5 22. c3 Nb6 23. Rg4 Rhg8 24. Re4 Qc6 25. Bf4 Rxd1+ 26. Kxd1 Rd8+ 27.
Kc2 Na4 28. Rd4 Rxd4 29. cxd4 b4 30. b3 Nb6 31. bxc4 Qa4+ 32. Kb2 Qa3+ 33. Kb1
Qc3 34. Qd2 Qxc4 35. Qc2 Kd7 36. Qxc4 Nxc4 37. Kc2 Kc6 38. Kb3 Kb5 39. g4 Na5+
40. Kc2 Kc4 41. Bxh6 Nc6 42. Bxg7 Ne7 43. Bf6 Ng8 44. g5 a5 45. h6 a4 46. h7
b3+ 47. axb3+ axb3+ 48. Kb2 Nxf6 49. exf6 Kxd4 50. h8=Q e5 51. g6 fxg6 52. f7
g5 53. f8=Q 1-0

[Event "C.to Mondiale U12"]
[Site "Durban RSA"]
[Date "2014.09.28"]
[Round "10"]
[White "Al Zaabi, Sultan"]
[Black "Pitzanti, Matteo"]
[WhiteElo "1624"]
[BlackElo "1967"]
[Result "1-0"]
[PlyCount "71"]
[EventDate "2014.09.20"]

1. d4 d5 2. c4 dxc4 3. Nf3 Nf6 4. e3 e6 5. Bxc4 a6 6. O-O b5 7. Bb3 Bb7 8. Qe2
Nbd7 9. Nc3 c5 10. Rd1 Qb6 11. Bc2 Rc8 12. Ng5 h6 13. Nge4 cxd4 14. exd4 b4 15.
Nxf6+ Nxf6 16. Ba4+ Bc6 17. Bxc6+ Qxc6 18. Nb1 Bd6 19. Be3 O-O 20. Nd2 a5 21.
Nb3 Nd5 22. Rdc1 Qa8 23. Nc5 Rfd8 24. Nd3 Qa6 25. Qd2 Qb7 26. Nc5 Qe7 27. Ne4
Bxh2+ 28. Kxh2 Qh4+ 29. Kg1 Qxe4 30. Re1 Qh4 31. a3 Nf6 32. axb4 axb4 33. f3
Nd5 34. Bf2 Qe7 35. Ra5 Rc6 36. Rxd5 1-0

[Event "C.to Mondiale U12 femminile"]
[Site "Durban RSA"]
[Date "2014.09.21"]
[Round "2"]
[White "Muha, Magdalena"]
[Black "Palma, Maria"]
[WhiteElo "1516"]
[BlackElo "1746"]
[Result "1/2-1/2"]
[PlyCount "51"]
[EventDate "2014.09.20"]

1. d4 d5 2. c4 c6 3. Nc3 Nf6 4. Nf3 a6 5. e3 g6 6. h3 Bg7 7. Bd3 dxc4 8. Bxc4
Nbd7 9. O-O O-O 10. b3 b5 11. Bd3 c5 12. Bb2 Bb7 13. Be2 Be4 14. Nxe4 Nxe4 15.
Qd2 Rc8 16. Rac1 Nb8 17. Rfd1 cxd4 18. Rxc8 Qxc8 19. Bxd4 Rd8 20. Qb2 Bxd4 21.
Nxd4 Nc6 22. Nxc6 Rxd1+ 23. Bxd1 Qxc6 24. f3 Nd6 25. e4 Qc5+ 26. Kf1 1/2-1/2

[Event "C.to Mondiale U12 femminile"]
[Site "Durban RSA"]
[Date "2014.09.21"]
[Round "3"]
[White "Palma, Maria"]
[Black "Yao, Licia"]
[WhiteElo "1746"]
[BlackElo "1618"]
[Result "1-0"]
[PlyCount "45"]
[EventDate "2014.09.20"]

1. Nf3 d5 2. c4 c6 3. g3 Nf6 4. Bg2 e6 5. d4 Be7 6. O-O O-O 7. Nc3 Nbd7 8. b3
dxc4 9. bxc4 Nb6 10. Ne5 Nfd7 11. Nxd7 Qxd7 12. Qd3 Bf6 13. Rd1 Rd8 14. Be3 c5
15. Ne4 Bxd4 16. Nxc5 Qe7 17. Bxd4 e5 18. Qe4 Re8 19. Qxe5 Qxe5 20. Bxe5 Nxc4
21. Bc7 h6 22. Nxb7 Re7 23. Nd6 1-0

[Event "C.to Mondiale U12 femminile"]
[Site "Durban RSA"]
[Date "2014.09.22"]
[Round "4"]
[White "Gorti, Akshita"]
[Black "Palma, Maria"]
[WhiteElo "2009"]
[BlackElo "1746"]
[Result "1-0"]
[PlyCount "119"]
[EventDate "2014.09.20"]

1. d4 d5 2. c4 c6 3. Nf3 Nf6 4. e3 a6 5. Nc3 e6 6. b3 Bb4 7. Bd2 Qa5 8. Qc2
dxc4 9. bxc4 c5 10. Bd3 cxd4 11. exd4 Nc6 12. a3 Be7 13. Nd5 Qd8 14. Nxe7 Qxe7
15. O-O O-O 16. d5 exd5 17. cxd5 Ne5 18. Nxe5 Qxe5 19. Bc3 Qd6 20. Bb4 Qxd5 21.
Bxf8 Kxf8 22. Bxh7 g6 23. Rad1 Qc6 24. Bxg6 fxg6 25. Qxg6 Bd7 26. Qh6+ Kf7 27.
Rc1 Qd5 28. Qf4 Rg8 29. f3 Qa2 30. Qc4+ Qxc4 31. Rxc4 Bb5 32. Rc7+ Kg6 33. Re1
Bc6 34. Kf2 Rd8 35. Ree7 Ne8 36. Re6+ Nf6 37. Rcxc6 bxc6 38. Rxc6 a5 39. Ra6
Rd5 40. g4 Kg7 41. Kg3 Ne8 42. h4 Nd6 43. h5 Nc4 44. Ra7+ Kg8 45. f4 Nxa3 46.
g5 Nc4 47. h6 Rd8 48. g6 Nd6 49. Kg4 Ne4 50. h7+ Kh8 51. f5 a4 52. Kh5 Ng3+ 53.
Kg5 Re8 54. Rxa4 Rd8 55. Ra5 Rf8 56. Rb5 Rd8 57. Rb4 Rf8 58. Rf4 Ne2 59. Kh6
Rf6 60. Rb4 1-0

[Event "C.to Mondiale U12 femminile"]
[Site "Durban RSA"]
[Date "2014.09.23"]
[Round "5"]
[White "Palma, Maria"]
[Black "Abduali, Samal"]
[WhiteElo "1746"]
[BlackElo "1556"]
[Result "1-0"]
[PlyCount "79"]
[EventDate "2014.09.20"]

1. Nf3 Nf6 2. c4 d6 3. d4 g6 4. Nc3 Bg7 5. g3 O-O 6. Bg2 c5 7. O-O e6 8. dxc5
dxc5 9. Qxd8 Rxd8 10. Bf4 Na6 11. Rad1 Rxd1 12. Rxd1 Nd7 13. Ne4 Nb4 14. Nxc5
Nxc5 15. Rd8+ Bf8 16. Bd6 Nd7 17. Bxb4 Kg7 18. Bxf8+ Nxf8 19. Nd4 a6 20. Rd6 e5
21. Nb3 Rb8 22. Nc5 Ne6 23. Nd3 f6 24. Rb6 Nd8 25. Nc5 a5 26. Nb3 Ra8 27. Rb5
a4 28. Nc5 Ra7 29. Ne4 Bd7 30. Rd5 b6 31. Rd6 Ne6 32. Rxb6 Rc7 33. Nd6 Nc5 34.
Bd5 Kf8 35. Nb5 Bxb5 36. cxb5 Nd7 37. Rc6 Ra7 38. b6 Ra5 39. Bc4 Ke7 40. b7 1-0

[Event "C.to Mondiale U12 femminile"]
[Site "Durban RSA"]
[Date "2014.09.23"]
[Round "6"]
[White "Palma, Maria"]
[Black "Badelka, Olga"]
[WhiteElo "1746"]
[BlackElo "2091"]
[Result "0-1"]
[PlyCount "50"]
[EventDate "2014.09.20"]

1. Nf3 Nf6 2. c4 c5 3. g3 Nc6 4. Bg2 g6 5. Nc3 Bg7 6. O-O d6 7. d4 cxd4 8. Nxd4
Bd7 9. h3 Qc8 10. Kh2 Nxd4 11. Be3 Nc6 12. Rc1 O-O 13. Qd2 Be6 14. b3 Qd8 15.
Bh6 Rb8 16. e4 Bxh6 17. Qxh6 Ne5 18. Qd2 Kg7 19. f4 Nc6 20. f5 Bc8 21. g4 h6
22. Bf3 Ne5 23. g5 hxg5 24. Qxg5 Rh8 25. Rcd1 b6 0-1

[Event "C.to Mondiale U12 femminile"]
[Site "Durban RSA"]
[Date "2014.09.25"]
[Round "7"]
[White "Serikbay, Assel"]
[Black "Palma, Maria"]
[WhiteElo "1927"]
[BlackElo "1746"]
[Result "1-0"]
[PlyCount "37"]
[EventDate "2014.09.20"]

1. e4 e5 2. Nf3 Nc6 3. Bb5 Bc5 4. Nxe5 Qh4 5. O-O Nxe5 6. d4 c6 7. Be2 Bb6 8.
dxe5 Qxe4 9. Bd3 Qd4 10. Nd2 Ne7 11. Nf3 Qg4 12. Re1 Ng6 13. Re4 Qe6 14. Ng5
Qe7 15. Bc4 O-O 16. Qh5 h6 17. Qxg6 hxg5 18. Bxg5 Qc5 19. Bf6 1-0

[Event "C.to Mondiale U12 femminile"]
[Site "Durban RSA"]
[Date "2014.09.26"]
[Round "8"]
[White "Kao, Camille Y."]
[Black "Palma, Maria"]
[WhiteElo "1488"]
[BlackElo "1746"]
[Result "1-0"]
[PlyCount "49"]
[EventDate "2014.09.20"]

1. e4 e5 2. Nf3 Nc6 3. Bc4 Bc5 4. d3 Nf6 5. Nc3 d6 6. Bg5 h6 7. Bxf6 Qxf6 8.
Nd5 Qd8 9. c3 Ne7 10. d4 Nxd5 11. dxc5 Nf4 12. Rg1 Qf6 13. Nd2 Qg6 14. Qf3 Bh3
15. Qg3 Bxg2 16. O-O-O Rc8 17. Qe3 Nh3 18. Rxg2 Qxg2 19. Bf1 Qxf2 20. Qxh3 Ke7
21. Bc4 Qxc5 22. Rf1 Rcf8 23. Rxf7+ Rxf7 24. Qe6+ Kd8 25. Qxf7 1-0

[Event "C.to Mondiale U12 femminile"]
[Site "Durban RSA"]
[Date "2014.09.27"]
[Round "9"]
[White "Palma, Maria"]
[Black "Zhao, Chenyi"]
[WhiteElo "1746"]
[BlackElo "1412"]
[Result "0-1"]
[PlyCount "110"]
[EventDate "2014.09.20"]

1. Nf3 c5 2. c4 Nf6 3. g3 d5 4. cxd5 Nxd5 5. Bg2 Nc6 6. d4 Nc7 7. dxc5 Qxd1+ 8.
Kxd1 e5 9. Nc3 Bxc5 10. e3 Bd7 11. a3 O-O-O 12. Ke2 Be6 13. Nd2 Ne7 14. b4 Bb6
15. Bb2 f6 16. Rac1 Kb8 17. Na4 Ncd5 18. Nc4 Rc8 19. Naxb6 Nxb6 20. Nxb6 axb6
21. Rhd1 Rxc1 22. Rxc1 Rc8 23. Rxc8+ Kxc8 24. f4 exf4 25. exf4 Bd5 26. Bh3+ Kc7
27. Ke3 Kd6 28. Bf1 Nf5+ 29. Kd3 Kc6 30. g4 Nd6 31. Kd4 b5 32. Bd3 h6 33. h4
Bc4 34. Bg6 Bd5 35. g5 hxg5 36. hxg5 Nc4 37. Be8+ Kd6 38. Bc1 Bc6 39. Bf7 Nb6
40. Bb2 Bd5 41. Bxd5 Nxd5 42. Ke4 fxg5 43. fxg5 g6 44. Bd4 Ke6 45. Bg7 Nb6 46.
Kd4 Nc4 47. a4 Nd6 48. Bf6 bxa4 49. Kd3 b5 50. Kd4 Kf5 51. Kc5 Ke6 52. Kd4 a3
53. Kd3 Kf5 54. Ke2 Ne4 55. Bd8 Nxg5 0-1

[Event "C.to Mondiale U14"]
[Site "Durban RSA"]
[Date "2014.09.20"]
[Round "1"]
[White "Araoun, Saadi"]
[Black "Moroni, Luca jr"]
[WhiteElo "1739"]
[BlackElo "2328"]
[Result "0-1"]
[PlyCount "98"]
[EventDate "2014.09.20"]

1. d4 d5 2. Nf3 e6 3. c4 a6 4. e3 Nf6 5. Nc3 Nbd7 6. Bd3 dxc4 7. Bxc4 b5 8. Bd3
c5 9. O-O Bb7 10. a3 Qb6 11. Qe2 Rc8 12. dxc5 Nxc5 13. Bc2 Be7 14. e4 Qc7 15.
Nd4 O-O 16. b4 Ncd7 17. Bb2 Ne5 18. Bb3 Nc4 19. Ndxb5 axb5 20. Nxb5 Qc6 21. Na7
Qxe4 22. Qxe4 Nxe4 23. Nxc8 Rxc8 24. Bxc4 Rxc4 25. Rac1 Nd6 26. Be5 Re4 27.
Bxd6 Bxd6 28. Rfd1 Bd5 29. Rc8+ Bf8 30. Rb1 g5 31. f3 Re2 32. b5 Ba2 33. Ra1
Rb2 34. a4 Kg7 35. b6 Bd5 36. a5 Bb7 37. Rc7 Ba6 38. Ra7 Bc4 39. Rc1 Bc5+ 40.
Kh1 Be3 41. Ra1 g4 42. Rc7 gxf3 43. gxf3 Bd5 44. Rf1 Bf4 45. Rd7 Rxh2+ 46. Kg1
Rb2 47. Ra1 Be3+ 48. Kf1 Bxf3 49. b7 Rh2 0-1

[Event "C.to Mondiale U14"]
[Site "Durban RSA"]
[Date "2014.09.21"]
[Round "2"]
[White "Moroni, Luca jr"]
[Black "Lutard, Theo"]
[WhiteElo "2328"]
[BlackElo "2056"]
[Result "1-0"]
[PlyCount "107"]
[EventDate "2014.09.20"]

1. c4 Nf6 2. Nf3 c6 3. Nc3 d5 4. e3 Bg4 5. cxd5 Bxf3 6. Qxf3 cxd5 7. d4 e6 8.
Bd3 Be7 9. O-O O-O 10. Bd2 Nc6 11. Rad1 Rc8 12. Qh3 g6 13. f4 Ne8 14. g4 f5 15.
Qg2 Kh8 16. g5 Nd6 17. Qe2 Kg7 18. Na4 b6 19. Rc1 Qd7 20. b3 Kf7 21. Kg2 h5 22.
Ba6 Rc7 23. Nb2 Kg7 24. Nd3 Nf7 25. Bb5 Qc8 26. a4 a6 27. Bxc6 Rxc6 28. Rxc6
Qxc6 29. Rc1 Qb7 30. Bb4 Nd6 31. a5 Rc8 32. Bxd6 Bxd6 33. Rxc8 Qxc8 34. axb6
Qc6 35. Nc5 Bxc5 36. Qc2 Qxb6 37. dxc5 Qc6 38. Kf2 Kh7 39. Qc3 h4 40. h3 d4 41.
Qxd4 Qh1 42. Qd7+ Kh8 43. c6 Qh2+ 44. Ke1 Qg1+ 45. Kd2 Qf2+ 46. Kd3 Qf1+ 47.
Kd4 Qa1+ 48. Kc5 Qa3+ 49. Kc4 Qc1+ 50. Kb4 Qe1+ 51. Kc5 Qc3+ 52. Kd6 Qb4+ 53.
Kxe6 Qxb3+ 54. Kf6 1-0

[Event "C.to Mondiale U14"]
[Site "Durban RSA"]
[Date "2014.09.21"]
[Round "3"]
[White "Agmanov, Zhandos"]
[Black "Moroni, Luca jr"]
[WhiteElo "2151"]
[BlackElo "2328"]
[Result "1-0"]
[PlyCount "117"]
[EventDate "2014.09.20"]

1. e4 e6 2. d4 d5 3. Nc3 Nc6 4. Nf3 Nf6 5. Bg5 Be7 6. e5 Ne4 7. Bxe7 Qxe7 8. a3
Nxc3 9. bxc3 Na5 10. Bd3 Bd7 11. O-O O-O 12. Nd2 b6 13. f4 h6 14. c4 dxc4 15.
Nxc4 Nxc4 16. Bxc4 Rad8 17. Qf3 b5 18. Bd3 c5 19. c3 Be8 20. f5 exf5 21. Qxf5
g6 22. Qe4 cxd4 23. cxd4 Qd7 24. Rf4 Qd5 25. Qxd5 Rxd5 26. Rd1 Rd8 27. Be4 Bd7
28. Rf6 Rfe8 29. Kf2 Kg7 30. Ke3 Rc8 31. Rd6 Rc7 32. Rd3 Re7 33. Rf6 a5 34. Rf2
Rc1 35. Kd2 Ra1 36. Ke3 Be6 37. d5 Bd7 38. Kd4 Rc1 39. Rdf3 Rc4+ 40. Kd3 Ra4
41. d6 Rxa3+ 42. Kd4 Ra4+ 43. Kd3 Ra3+ 44. Kd4 Rxf3 45. Rxf3 Re8 46. Bd5 Be6
47. Bxe6 fxe6 48. Kc5 b4 49. d7 Rd8 50. Kd6 Ra8 51. Kc5 Rd8 52. Kc6 a4 53. Rf4
a3 54. Rxb4 Ra8 55. Rb1 Kf7 56. Kd6 a2 57. Rf1+ Kg7 58. Ke7 Ra7 59. Ra1 1-0

[Event "C.to Mondiale U14"]
[Site "Durban RSA"]
[Date "2014.09.22"]
[Round "4"]
[White "Moroni, Luca jr"]
[Black "Hernandez-Camen, Angel J."]
[WhiteElo "2328"]
[BlackElo "2046"]
[Result "1-0"]
[PlyCount "71"]
[EventDate "2014.09.20"]

1. c4 Nf6 2. Nf3 e6 3. g3 a6 4. Bg2 b5 5. b3 Bb7 6. O-O Be7 7. Nc3 b4 8. Na4 d6
9. d4 O-O 10. a3 a5 11. Bb2 Re8 12. axb4 axb4 13. Qc2 Nbd7 14. Ne1 Bxg2 15.
Nxg2 c5 16. e4 cxd4 17. Bxd4 Qc8 18. Rad1 Qc6 19. f3 Rec8 20. Qe2 h6 21. Ne3
Bf8 22. Rfe1 Ra5 23. Rd2 Rg5 24. Ng2 Ra5 25. Red1 Be7 26. Ne3 Ne8 27. Nd5 Bg5
28. f4 Bd8 29. Nxb4 Qb7 30. Bc3 Bb6+ 31. Kg2 f5 32. Nxb6 Nxb6 33. Nd5 Rxd5 34.
exd5 exd5 35. cxd5 Nc7 36. Qe7 1-0

[Event "C.to Mondiale U14"]
[Site "Durban RSA"]
[Date "2014.09.23"]
[Round "5"]
[White "Igonin, Temur"]
[Black "Moroni, Luca jr"]
[WhiteElo "2186"]
[BlackElo "2328"]
[Result "1/2-1/2"]
[PlyCount "165"]
[EventDate "2014.09.20"]

1. e4 e6 2. d4 d5 3. Nd2 c5 4. exd5 Qxd5 5. Ngf3 cxd4 6. Bc4 Qd7 7. O-O Nf6 8.
Nb3 Nc6 9. Nbxd4 Nxd4 10. Nxd4 a6 11. Re1 Bc5 12. c3 O-O 13. Bg5 b5 14. Bd3 Be7
15. Re3 g6 16. Rh3 Bb7 17. Qd2 Rfd8 18. Bxf6 Bxf6 19. Qh6 Bxd4 20. Qxh7+ Kf8
21. cxd4 Qxd4 22. Qh6+ Qg7 23. Qxg7+ Kxg7 24. Kf1 Rd4 25. Rc1 Rad8 26. Rc7 Rxd3
27. Rxd3 Rxd3 28. Rxb7 Rd1+ 29. Ke2 Rb1 30. b3 Rb2+ 31. Ke3 Rxa2 32. b4 Rb2 33.
Ra7 Rxb4 34. Rxa6 Rb3+ 35. Kd2 Rb2+ 36. Ke3 b4 37. h4 b3 38. Rb6 Rb1 39. g3 b2
40. Kf3 f5 41. Kf4 Kh6 42. Rb8 e5+ 43. Kxe5 Kg7 44. Rb7+ Kh6 45. Kf6 Kh5 46.
Rb4 Ra1 47. Rxb2 Ra6+ 48. Ke5 Ra5+ 49. Kf4 Ra4+ 50. Kf3 Ra3+ 51. Kg2 g5 52. Rb5
Kg4 53. hxg5 Kxg5 54. Rb2 Ra5 55. Rb8 Ra3 56. Rb6 Ra2 57. Re6 Rb2 58. Kf3 Rb3+
59. Re3 Rb2 60. Ra3 Rb8 61. Ke3 Re8+ 62. Kd2 Rd8+ 63. Ke2 Re8+ 64. Re3 Ra8 65.
Re6 Ra2+ 66. Kf1 Ra1+ 67. Re1 Ra5 68. Re8 Ra2 69. Re2 Ra5 70. Kg2 f4 71. Re8
fxg3 72. Kxg3 Ra3+ 73. f3 Ra4 74. Rb8 Rc4 75. f4+ Kf6 76. Kg4 Rc5 77. Rb4 Ra5
78. Rb6+ Kg7 79. f5 Ra1 80. Rb7+ Kf6 81. Rb6+ Kg7 82. Rb7+ Kf6 83. Rb6+ 1/2-1/2

[Event "C.to Mondiale U14"]
[Site "Durban RSA"]
[Date "2014.09.23"]
[Round "6"]
[White "Moroni, Luca jr"]
[Black "Poleg, Dan"]
[WhiteElo "2328"]
[BlackElo "1988"]
[Result "1/2-1/2"]
[PlyCount "102"]
[EventDate "2014.09.20"]

1. c4 Nf6 2. Nf3 e6 3. g3 d5 4. Bg2 dxc4 5. Qa4+ Nbd7 6. Qxc4 a6 7. Qc2 c5 8.
Nc3 Bd6 9. O-O O-O 10. d4 Qe7 11. Rd1 Nb6 12. Bg5 cxd4 13. Nxd4 Be5 14. Qb3
Nbd7 15. Nf3 Bxc3 16. Qxc3 h6 17. Bxf6 Nxf6 18. Ne5 Nd5 19. Qd4 Re8 20. Rac1 f6
21. Nc4 Nc7 22. Nb6 Rb8 23. Qc5 Qxc5 24. Rxc5 Nd5 25. Nxd5 exd5 26. Bxd5+ Be6
27. Bxe6+ Rxe6 28. Rd7 Rxe2 29. b3 Kh8 30. Rcc7 Rg8 31. a4 b5 32. a5 Rb2 33.
Rd3 Re8 34. Ra7 Ree2 35. Rd8+ Kh7 36. Rdd7 Kg6 37. Rxg7+ Kh5 38. Rad7 Rxf2 39.
Rd5+ f5 40. Rxf5+ Rxf5 41. g4+ Kh4 42. gxf5 Rxb3 43. Kg2 Re3 44. Rg6 Re5 45.
Kf3 Rxf5+ 46. Ke4 Rh5 47. Rxa6 b4 48. Kd3 b3 49. Kc3 Rb5 50. Rxh6+ Kg5 51. Rb6
Rxa5 1/2-1/2

[Event "C.to Mondiale U14"]
[Site "Durban RSA"]
[Date "2014.09.25"]
[Round "7"]
[White "Mitrabha, Guha"]
[Black "Moroni, Luca jr"]
[WhiteElo "2096"]
[BlackElo "2328"]
[Result "0-1"]
[PlyCount "100"]
[EventDate "2014.09.20"]

1. d4 d5 2. c4 e6 3. Nf3 a6 4. g3 dxc4 5. a4 c5 6. Bg2 Nc6 7. Na3 cxd4 8. Nxc4
Nf6 9. O-O Bc5 10. Nfe5 Nxe5 11. Nxe5 O-O 12. Nd3 Bd6 13. Bf4 Bxf4 14. gxf4 Qd6
15. Rc1 Nd5 16. Qd2 Rd8 17. Rfd1 Bd7 18. Nc5 Bc6 19. Qxd4 Qxf4 20. e4 Qg5 21.
exd5 Rxd5 22. Ne4 Qxc1 23. Qxd5 exd5 24. Nf6+ gxf6 25. Rxc1 Re8 26. b4 Re5 27.
f4 Rf5 28. Rc5 Bxa4 29. Bxd5 Rxf4 30. Bxb7 Bb5 31. Rc8+ Kg7 32. Ra8 Rxb4 33.
Bxa6 Bxa6 34. Rxa6 Rb2 35. Ra3 h5 36. Rg3+ Kh6 37. Rg8 Kh7 38. Rg3 Kh6 39. Rg8
f5 40. Rg3 f4 41. Rg8 f6 42. Kh1 f3 43. Rg1 f2 44. Rf1 Kg5 45. Kg2 Kg4 46. h3+
Kf4 47. Ra1 Ke3 48. Ra3+ Ke2 49. Rf3 Ke1 50. Re3+ Re2 0-1